{"text_format":"3","workbook":"xlsx","n_sheets":7,"sheets":["扉-2 招标控制价扉页","表-04 单位工程招标控制价汇总表","表-08 分部分项工程和单价措施项目清单与计价表","表-09 综合单价分析表","表-11 总价措施项目清单与计价表","表-12 其他项目清单与计价汇总表","表-13 规费、税金项目清单与计价表"],"read":"whole","date_system":"1900"}

{"sheet":"扉-2 招标控制价扉页","index":0,"n_rows":13,"n_cols":7,"rows_kept":13,"merged":[[0,1,0,5],[1,0,1,6],[2,0,2,1],[2,3,2,6],[3,0,3,1],[3,3,3,6],[4,0,4,1],[4,5,4,6],[5,0,5,1],[5,2,5,3],[5,5,5,6],[6,0,6,1],[6,2,6,3],[6,5,6,6],[7,0,7,1],[7,2,7,3],[7,5,7,6],[8,0,8,1],[8,2,8,3],[8,5,8,6],[9,0,9,1],[9,2,9,3],[9,5,9,6],[10,0,10,1],[10,2,10,3],[10,5,10,6],[11,0,11,1],[11,2,11,3],[11,5,11,6],[12,1,12,5]]}
[null,"国家税务总局广州市天河区税务局员村税务所办公用房修缮项目",{"$nulls":4},"工程"]
["招 标 控 制 价"]
["招标控制价  ",null,"（小写）：",{"v":800000,"d":"800000.00"}]
[null,null,"（大写）：","捌拾万元整"]
[]
["招  标  人：",{"$nulls":3},"造价咨询人："]
[null,null,"（单位盖章）",null,null,"(单位资质专用章)"]
["法定代表人  \n\n或其授权人：",{"$nulls":3},"法定代表人  \n\n  或其授权人："]
[null,null,"(签字或盖章)",null,null,"(签字或盖章)"]
["编  制  人：",{"$nulls":3},"复  核  人："]
[null,null,"(造价人员签字盖专用章)",null,null,"(造价工程师签字盖专用章)"]
["编 制 时 间：  ",{"$nulls":3},"复 核 时 间：  "]
[{"$nulls":6},"扉-2"]

{"sheet":"表-04 单位工程招标控制价汇总表","index":1,"n_rows":38,"n_cols":6,"rows_kept":38,"merged":[[0,0,0,5],[1,0,1,2],[1,4,1,5],[2,2,2,4],[3,2,3,4],[4,2,4,4],[5,2,5,4],[6,2,6,4],[7,2,7,4],[8,2,8,4],[9,2,9,4],[10,2,10,4],[11,2,11,4],[12,2,12,4],[13,2,13,4],[14,2,14,4],[15,2,15,4],[16,2,16,4],[17,2,17,4],[18,2,18,4],[19,2,19,4],[20,2,20,4],[21,2,21,4],[22,2,22,4],[23,2,23,4],[24,2,24,4],[25,2,25,4],[26,2,26,4],[27,2,27,4],[28,2,28,4],[29,2,29,4],[30,2,30,4],[31,2,31,4],[32,2,32,4],[33,2,33,4],[34,2,34,4],[35,0,35,1],[35,2,35,4],[36,0,36,5],[37,0,37,2],[37,4,37,5]]}
["单位工程招标控制价汇总表"]
["工程名称：国家税务总局广州市天河区税务局员村税务所办公用房修缮项目",null,null,"标段：","第 1 页  共 1 页"]
["序号","汇总内容","金额:(元)",null,null,"其中：暂估价(元)"]
["1","分部分项合计",689002.06]
["2","措施合计",29320.01]
["2.1","绿色施工安全防护措施费",25905.8]
["2.2","其他措施费",3414.21]
["3","其他项目",15622.88,null,null,"－"]
["3.1","暂列金额",3650.89]
["3.2","暂估价"]
["3.3","计日工"]
["3.4","总承包服务费"]
["3.5","预算包干费",11971.99]
["3.6","工程优质费"]
["3.7","概算幅度差"]
["3.8","索赔费用"]
["3.9","现场签证费用"]
["3.10","其他费用"]
["4","税前工程造价",733944.95]
["5","增值税销项税额",66055.05,null,null,"－"]
["6","总造价",{"v":800000,"d":"800000.00"}]
["7","人工费","142710.33"]
{"$rows_empty":13}
["招标控制价合计=1+2+3+5",null,{"v":800000,"d":"800000.00"}]
["注：本表适用于单位工程招标控制价或投标报价的汇总，如无单位工程划分，单项工程也使用本表汇总"]
[{"$nulls":4},"表—04"]

{"sheet":"表-08 分部分项工程和单价措施项目清单与计价表","index":2,"n_rows":62,"n_cols":11,"rows_kept":62,"merged":[[0,0,0,10],[1,0,1,3],[1,4,1,7],[1,8,1,10],[2,0,4,0],[2,1,4,1],[2,2,4,2],[2,3,4,4],[2,5,4,5],[2,6,4,6],[2,7,2,10],[3,7,4,8],[3,9,4,9],[5,3,5,4],[5,7,5,8],[6,3,6,4],[6,7,6,8],[7,3,7,4],[7,7,7,8],[8,3,8,4],[8,7,8,8],[9,3,9,4],[9,7,9,8],[10,3,10,4],[10,7,10,8],[11,3,11,4],[11,7,11,8],[12,0,12,8],[13,0,13,10],[14,0,14,3],[14,4,14,7],[14,8,14,10],[15,0,15,10],[16,0,16,3],[16,4,16,7],[16,8,16,10],[17,0,19,0],[17,1,19,1],[17,2,19,2],[17,3,19,4],[17,5,19,5],[17,6,19,6],[17,7,17,10],[18,7,19,8],[18,9,19,9],[20,3,20,4],[20,7,20,8],[21,3,21,4],[21,7,21,8],[22,3,22,4],[22,7,22,8],[23,3,23,4],[23,7,23,8],[24,3,24,4],[24,7,24,8],[25,3,25,4],[25,7,25,8],[26,3,26,4],[26,7,26,8],[27,3,27,4],[27,7,27,8],[28,3,28,4],[28,7,28,8],[29,0,29,8],[30,0,30,10],[31,0,31,3],[31,4,31,7],[31,8,31,10],[32,0,32,10],[33,0,33,3],[33,4,33,7],[33,8,33,10],[34,0,36,0],[34,1,36,1],[34,2,36,2],[34,3,36,4],[34,5,36,5],[34,6,36,6],[34,7,34,10],[35,7,36,8],[35,9,36,9],[37,3,37,4],[37,7,37,8],[38,3,38,4],[38,7,38,8],[39,3,39,4],[39,7,39,8],[40,3,40,4],[40,7,40,8],[41,3,41,4],[41,7,41,8],[42,3,42,4],[42,7,42,8],[43,3,43,4],[43,7,43,8],[44,3,44,4],[44,7,44,8],[45,3,45,4],[45,7,45,8],[46,3,46,4],[46,7,46,8],[47,3,47,4],[47,7,47,8],[48,3,48,4],[48,7,48,8],[49,3,49,4],[49,7,49,8],[50,3,50,4],[50,7,50,8],[51,3,51,4],[51,7,51,8],[52,3,52,4],[52,7,52,8],[53,3,53,4],[53,7,53,8],[54,3,54,4],[54,7,54,8],[55,3,55,4],[55,7,55,8],[56,3,56,4],[56,7,56,8],[57,3,57,4],[57,7,57,8],[58,0,58,8],[59,0,59,8],[60,0,60,10],[61,0,61,3],[61,4,61,7],[61,8,61,10]]}
["分部分项工程和单价措施项目清单与计价表"]
["工程名称：国家税务总局广州市天河区税务局员村税务所办公用房修缮项目",{"$nulls":3},"标段：",{"$nulls":3},"第 1 页  共 3 页"]
["序号","项目编码","项目名称","项目特征描述",null,"计量单位","工程量","金额（元）"]
[{"$nulls":7},"综合单价",null,"综合合价","其中"]
[{"$nulls":10},"暂估价"]
[null,null,"整个项目",{"$nulls":6},689002.06]
[1,"011606003001","天棚面龙骨及饰面拆除","1.天花及管线拆除\n2.拆除废料外运，运距综合考虑\n3.包含拆除工作的全部内容\n4.包括根据规范要求完成该清单项目所需的其他定额所属工作内容",null,"m2",1500,22.35,null,33525]
[2,"011601001001","砖砌体拆除","1.砖隔墙拆除\n2.拆除废料外运，运距综合考虑\n3.包含拆除工作的全部内容\n4.包括根据规范要求完成该清单项目所需的其他定额所属工作内容",null,"m2",80,51.65,null,4132]
[3,"011601001002","钢筋混凝土隔墙拆除","1.钢筋混凝土隔墙拆除\n2.拆除废料外运，运距综合考虑\n3.包含拆除工作的全部内容\n4.包括根据规范要求完成该清单项目所需的其他定额所属工作内容",null,"m2",4,427.12,null,1708.48]
[4,"011605001001","平面块料拆除","1.卫生间地面拆除\n2.包括根据规范要求完成该清单项目所需的其他定额所属工作内容",null,"m2",25,34.55,null,863.75]
[5,"011605001002","平面块料拆除","1.室内地面拆除\n2.包括根据规范要求完成该清单项目所需的其他定额所属工作内容",null,"m2",300,34.55,null,10365]
[6,"011102001001","石材楼地面","1.室内地面拆除后修补\n2.大理石地面修补\n3.包括根据规范要求完成该清单项目所需的其他定额所属工作内容",null,"m2",200,462.25,null,92450]
["本页小计",{"$nulls":8},143044.23]
["注：为计取规费等的使用，可在表中增设其中：“定额人工费”。"]
[{"$nulls":8},"表—08"]
["分部分项工程和单价措施项目清单与计价表"]
["工程名称：国家税务总局广州市天河区税务局员村税务所办公用房修缮项目",{"$nulls":3},"标段：",{"$nulls":3},"第 2 页  共 3 页"]
["序号","项目编码","项目名称","项目特征描述",null,"计量单位","工程量","金额（元）"]
[{"$nulls":7},"综合单价",null,"综合合价","其中"]
[{"$nulls":10},"暂估价"]
[7,"011609002001","隔断隔墙拆除","1.轻钢龙骨隔墙及玻璃隔墙拆除\n2.拆除废料外运，运距综合考虑\n3.包含拆除工作的全部内容\n4.包括根据规范要求完成该清单项目所需的其他定额所属工作内容",null,"m2",1150,40.35,null,46402.5]
[8,"011210006001","其他隔断","1.轻钢龙骨隔墙\n2.包括根据规范要求完成该清单项目所需的其他定额所属工作内容",null,"m2",697.2,148.44,null,103492.37]
[9,"011210005001","成品隔断","1.铝合金玻璃高间隔\n2.包括根据规范要求完成该清单项目所需的其他定额所属工作内容",null,"m2",116.48,478.31,null,55713.55]
[10,"011406001001","抹灰面油漆","1.墙面扇灰油乳胶漆\n2.包括根据规范要求完成该清单项目所需的其他定额所属工作内容",null,"m2",1394.4,41.42,null,57756.05]
[11,"010807001001","金属(塑钢、断桥)窗","1.铝合金窗更换\n2.包括根据规范要求完成该清单项目所需的其他定额所属工作内容",null,"m2",235,298.05,null,70041.75]
[12,"010802004001","不锈钢防盗网及纱窗安装","1.不锈钢防盗网及纱窗安装\n2.包括根据规范要求完成该清单项目所需的其他定额所属工作内容",null,"m2",235,250,null,58750]
[13,"030404017002","配电箱","1.楼层总电箱安装\n2.包括根据规范要求完成该清单项目所需的其他定额所属工作内容",null,"台",3,5076.54,null,15229.62]
[14,"011406001002","抹灰面油漆","1.天花喷黑漆\n2.包括根据规范要求完成该清单项目所需的其他定额所属工作内容",null,"m2",1960,32.48,null,63660.8]
[15,"030412004001","装饰灯","1.明装灯盘购安（200*1200）\n2.包括根据规范要求完成该清单项目所需的其他定额所属工作内容",null,"套",111,220.4,null,24464.4]
["本页小计",{"$nulls":8},495511.04]
["注：为计取规费等的使用，可在表中增设其中：“定额人工费”。"]
[{"$nulls":8},"表—08"]
["分部分项工程和单价措施项目清单与计价表"]
["工程名称：国家税务总局广州市天河区税务局员村税务所办公用房修缮项目",{"$nulls":3},"标段：",{"$nulls":3},"第 3 页  共 3 页"]
["序号","项目编码","项目名称","项目特征描述",null,"计量单位","工程量","金额（元）"]
[{"$nulls":7},"综合单价",null,"综合合价","其中"]
[{"$nulls":10},"暂估价"]
[16,"030412004002","装饰灯","1.明装筒灯及射灯购安\n2.包括根据规范要求完成该清单项目所需的其他定额所属工作内容",null,"套",80,87.99,null,7039.2]
[17,"010801002001","木质门带套","1.成品门购安\n2.门规格尺寸按图\n3.包括根据规范要求完成该清单项目所需的其他定额所属工作内容",null,"套",20,1351.66,null,27033.2]
[18,"011210005002","成品隔断","1.抗倍特板卫生间隔断\n2.包括根据规范要求完成该清单项目所需的其他定额所属工作内容",null,"m2",71.72,228.31,null,16374.39]
[null,null,"措施项目",{"$nulls":6},7086.31]
[19,"粤011701012001","活动脚手架",null,null,"项",1,3672.1,null,3672.1]
[20,"011707007001","已完工程及设备保护",null,null,"项",1,3414.21,null,3414.21]
{"$rows_empty":15}
["本页小计",{"$nulls":8},57533.1]
["合   计",{"$nulls":8},696088.37]
["注：为计取规费等的使用，可在表中增设其中：“定额人工费”。"]
[{"$nulls":8},"表—08"]

{"sheet":"表-09 综合单价分析表","index":3,"n_rows":429,"n_cols":14,"rows_kept":429,"merged":[[0,0,0,13],[1,0,1,7],[1,8,1,9],[1,10,1,13],[2,0,2,1],[2,2,2,3],[2,5,2,8],[2,9,2,10],[3,0,3,13],[4,4,4,8],[4,9,4,13],[5,7,5,8],[5,9,5,10],[6,7,6,8],[6,9,6,10],[7,7,7,8],[7,9,7,10],[8,0,8,1],[8,2,8,8],[8,9,8,10],[9,0,9,1],[9,2,9,8],[9,9,9,13],[10,0,10,8],[10,9,10,13],[11,1,11,5],[11,7,11,8],[11,9,11,10],[12,1,12,5],[12,7,12,8],[12,9,12,10],[13,1,13,5],[13,7,13,8],[13,9,13,10],[14,1,14,5],[14,7,14,8],[14,9,14,10],[15,1,15,5],[15,7,15,8],[15,9,15,10],[16,1,16,5],[16,7,16,8],[16,9,16,10],[17,1,17,5],[17,7,17,8],[17,9,17,10],[18,0,18,13],[19,0,19,7],[19,8,19,9],[19,10,19,13],[20,0,20,13],[21,0,21,7],[21,8,21,9],[21,10,21,13],[22,0,22,1],[22,2,22,3],[22,5,22,8],[22,9,22,10],[23,0,23,13],[24,4,24,8],[24,9,24,13],[25,7,25,8],[25,9,25,10],[26,7,26,8],[26,9,26,10],[27,7,27,8],[27,9,27,10],[28,0,28,1],[28,2,28,8],[28,9,28,10],[29,0,29,1],[29,2,29,8],[29,9,29,13],[30,0,30,8],[30,9,30,13],[31,1,31,5],[31,7,31,8],[31,9,31,10],[32,1,32,5],[32,7,32,8],[32,9,32,10],[33,1,33,5],[33,7,33,8],[33,9,33,10],[34,1,34,5],[34,7,34,8],[34,9,34,10],[35,1,35,5],[35,7,35,8],[35,9,35,10],[36,1,36,5],[36,7,36,8],[36,9,36,10],[37,1,37,5],[37,7,37,8],[37,9,37,10],[38,0,38,13],[39,0,39,7],[39,8,39,9],[39,10,39,13],[40,0,40,13],[41,0,41,7],[41,8,41,9],[41,10,41,13],[42,0,42,1],[42,2,42,3],[42,5,42,8],[42,9,42,10],[43,0,43,13],[44,4,44,8],[44,9,44,13],[45,7,45,8],[45,9,45,10],[46,7,46,8],[46,9,46,10],[47,7,47,8],[47,9,47,10],[48,0,48,1],[48,2,48,8],[48,9,48,10],[49,0,49,1],[49,2,49,8],[49,9,49,13],[50,0,50,8],[50,9,50,13],[51,1,51,5],[51,7,51,8],[51,9,51,10],[52,1,52,8],[52,9,52,10],[53,1,53,8],[53,9,53,10],[54,1,54,5],[54,7,54,8],[54,9,54,10],[55,1,55,5],[55,7,55,8],[55,9,55,10],[56,1,56,5],[56,7,56,8],[56,9,56,10],[57,1,57,5],[57,7,57,8],[57,9,57,10],[58,1,58,5],[58,7,58,8],[58,9,58,10],[59,1,59,5],[59,7,59,8],[59,9,59,10],[60,0,60,13],[61,0,61,7],[61,8,61,9],[61,10,61,13],[62,0,62,13],[63,0,63,7],[63,8,63,9],[63,10,63,13],[64,0,64,1],[64,2,64,3],[64,5,64,8],[64,9,64,10],[65,0,65,13],[66,4,66,8],[66,9,66,13],[67,7,67,8],[67,9,67,10],[68,7,68,8],[68,9,68,10],[69,7,69,8],[69,9,69,10],[70,0,70,1],[70,2,70,8],[70,9,70,10],[71,0,71,1],[71,2,71,8],[71,9,71,13],[72,0,72,8],[72,9,72,13],[73,1,73,5],[73,7,73,8],[73,9,73,10],[74,1,74,5],[74,7,74,8],[74,9,74,10],[75,1,75,5],[75,7,75,8],[75,9,75,10],[76,1,76,5],[76,7,76,8],[76,9,76,10],[77,1,77,5],[77,7,77,8],[77,9,77,10],[78,1,78,5],[78,7,78,8],[78,9,78,10],[79,0,79,13],[80,0,80,7],[80,8,80,9],[80,10,80,13],[81,0,81,13],[82,0,82,7],[82,8,82,9],[82,10,82,13],[83,0,83,1],[83,2,83,3],[83,5,83,8],[83,9,83,10],[84,0,84,13],[85,4,85,8],[85,9,85,13],[86,7,86,8],[86,9,86,10],[87,7,87,8],[87,9,87,10],[88,7,88,8],[88,9,88,10],[89,0,89,1],[89,2,89,8],[89,9,89,10],[90,0,90,1],[90,2,90,8],[90,9,90,13],[91,0,91,8],[91,9,91,13],[92,1,92,5],[92,7,92,8],[92,9,92,10],[93,1,93,5],[93,7,93,8],[93,9,93,10],[94,1,94,5],[94,7,94,8],[94,9,94,10],[95,1,95,5],[95,7,95,8],[95,9,95,10],[96,1,96,5],[96,7,96,8],[96,9,96,10],[97,1,97,5],[97,7,97,8],[97,9,97,10],[98,0,98,13],[99,0,99,7],[99,8,99,9],[99,10,99,13],[100,0,100,13],[101,0,101,7],[101,8,101,9],[101,10,101,13],[102,0,102,1],[102,2,102,3],[102,5,102,8],[102,9,102,10],[103,0,103,13],[104,4,104,8],[104,9,104,13],[105,7,105,8],[105,9,105,10],[106,7,106,8],[106,9,106,10],[107,7,107,8],[107,9,107,10],[108,0,108,1],[108,2,108,8],[108,9,108,10],[109,0,109,1],[109,2,109,8],[109,9,109,13],[110,0,110,8],[110,9,110,13],[111,1,111,5],[111,7,111,8],[111,9,111,10],[112,1,112,8],[112,9,112,10],[113,1,113,8],[113,9,113,10],[114,1,114,5],[114,7,114,8],[114,9,114,10],[115,1,115,5],[115,7,115,8],[115,9,115,10],[116,1,116,5],[116,7,116,8],[116,9,116,10],[117,0,117,13],[118,0,118,7],[118,8,118,9],[118,10,118,13],[119,0,119,13],[120,0,120,7],[120,8,120,9],[120,10,120,13],[121,0,121,1],[121,2,121,3],[121,5,121,8],[121,9,121,10],[122,0,122,13],[123,4,123,8],[123,9,123,13],[124,7,124,8],[124,9,124,10],[125,7,125,8],[125,9,125,10],[126,7,126,8],[126,9,126,10],[127,0,127,1],[127,2,127,8],[127,9,127,10],[128,0,128,1],[128,2,128,8],[128,9,128,13],[129,0,129,8],[129,9,129,13],[130,1,130,5],[130,7,130,8],[130,9,130,10],[131,1,131,5],[131,7,131,8],[131,9,131,10],[132,1,132,5],[132,7,132,8],[132,9,132,10],[133,1,133,5],[133,7,133,8],[133,9,133,10],[134,1,134,5],[134,7,134,8],[134,9,134,10],[135,1,135,5],[135,7,135,8],[135,9,135,10],[136,1,136,5],[136,7,136,8],[136,9,136,10],[137,0,137,13],[138,0,138,7],[138,8,138,9],[138,10,138,13],[139,0,139,13],[140,0,140,7],[140,8,140,9],[140,10,140,13],[141,0,141,1],[141,2,141,3],[141,5,141,8],[141,9,141,10],[142,0,142,13],[143,4,143,8],[143,9,143,13],[144,7,144,8],[144,9,144,10],[145,7,145,8],[145,9,145,10],[146,0,146,1],[146,2,146,8],[146,9,146,10],[147,0,147,1],[147,2,147,8],[147,9,147,13],[148,0,148,8],[148,9,148,13],[149,1,149,5],[149,7,149,8],[149,9,149,10],[150,1,150,8],[150,9,150,10],[151,1,151,8],[151,9,151,10],[152,1,152,5],[152,7,152,8],[152,9,152,10],[153,1,153,5],[153,7,153,8],[153,9,153,10],[154,1,154,5],[154,7,154,8],[154,9,154,10],[155,1,155,5],[155,7,155,8],[155,9,155,10],[156,1,156,5],[156,7,156,8],[156,9,156,10],[157,1,157,5],[157,7,157,8],[157,9,157,10],[158,1,158,5],[158,7,158,8],[158,9,158,10],[159,1,159,5],[159,7,159,8],[159,9,159,10],[160,0,160,13],[161,0,161,7],[161,8,161,9],[161,10,161,13],[162,0,162,13],[163,0,163,7],[163,8,163,9],[163,10,163,13],[164,0,164,1],[164,2,164,3],[164,5,164,8],[164,9,164,10],[165,0,165,13],[166,4,166,8],[166,9,166,13],[167,7,167,8],[167,9,167,10],[168,7,168,8],[168,9,168,10],[169,0,169,1],[169,2,169,8],[169,9,169,10],[170,0,170,1],[170,2,170,8],[170,9,170,13],[171,0,171,8],[171,9,171,13],[172,1,172,5],[172,7,172,8],[172,9,172,10],[173,1,173,8],[173,9,173,10],[174,1,174,8],[174,9,174,10],[175,1,175,5],[175,7,175,8],[175,9,175,10],[176,1,176,5],[176,7,176,8],[176,9,176,10],[177,1,177,5],[177,7,177,8],[177,9,177,10],[178,1,178,5],[178,7,178,8],[178,9,178,10],[179,1,179,5],[179,7,179,8],[179,9,179,10],[180,1,180,5],[180,7,180,8],[180,9,180,10],[181,1,181,5],[181,7,181,8],[181,9,181,10],[182,1,182,5],[182,7,182,8],[182,9,182,10],[183,0,183,13],[184,0,184,7],[184,8,184,9],[184,10,184,13],[185,0,185,13],[186,0,186,7],[186,8,186,9],[186,10,186,13],[187,0,187,1],[187,2,187,3],[187,5,187,8],[187,9,187,10],[188,0,188,13],[189,4,189,8],[189,9,189,13],[190,7,190,8],[190,9,190,10],[191,7,191,8],[191,9,191,10],[192,7,192,8],[192,9,192,10],[193,0,193,1],[193,2,193,8],[193,9,193,10],[194,0,194,1],[194,2,194,8],[194,9,194,13],[195,0,195,8],[195,9,195,13],[196,1,196,5],[196,7,196,8],[196,9,196,10],[197,1,197,8],[197,9,197,10],[198,1,198,8],[198,9,198,10],[199,1,199,5],[199,7,199,8],[199,9,199,10],[200,1,200,5],[200,7,200,8],[200,9,200,10],[201,1,201,5],[201,7,201,8],[201,9,201,10],[202,1,202,5],[202,7,202,8],[202,9,202,10],[203,1,203,5],[203,7,203,8],[203,9,203,10],[204,0,204,13],[205,0,205,7],[205,8,205,9],[205,10,205,13],[206,0,206,13],[207,0,207,7],[207,8,207,9],[207,10,207,13],[208,0,208,1],[208,2,208,3],[208,5,208,8],[208,9,208,10],[209,0,209,13],[210,4,210,8],[210,9,210,13],[211,7,211,8],[211,9,211,10],[212,7,212,8],[212,9,212,10],[213,7,213,8],[213,9,213,10],[214,0,214,1],[214,2,214,8],[214,9,214,10],[215,0,215,1],[215,2,215,8],[215,9,215,13],[216,0,216,8],[216,9,216,13],[217,1,217,5],[217,7,217,8],[217,9,217,10],[218,1,218,8],[218,9,218,10],[219,1,219,8],[219,9,219,10],[220,1,220,5],[220,7,220,8],[220,9,220,10],[221,1,221,5],[221,7,221,8],[221,9,221,10],[222,1,222,5],[222,7,222,8],[222,9,222,10],[223,1,223,5],[223,7,223,8],[223,9,223,10],[224,1,224,5],[224,7,224,8],[224,9,224,10],[225,1,225,5],[225,7,225,8],[225,9,225,10],[226,1,226,5],[226,7,226,8],[226,9,226,10],[227,0,227,13],[228,0,228,7],[228,8,228,9],[228,10,228,13],[229,0,229,13],[230,0,230,7],[230,8,230,9],[230,10,230,13],[231,0,231,1],[231,2,231,3],[231,5,231,8],[231,9,231,10],[232,0,232,13],[233,4,233,8],[233,9,233,13],[234,7,234,8],[234,9,234,10],[235,7,235,8],[235,9,235,10],[236,0,236,1],[236,2,236,8],[236,9,236,10],[237,0,237,1],[237,2,237,8],[237,9,237,13],[238,0,238,8],[238,9,238,13],[239,1,239,5],[239,7,239,8],[239,9,239,10],[240,1,240,8],[240,9,240,10],[241,1,241,8],[241,9,241,10],[242,1,242,5],[242,7,242,8],[242,9,242,10],[243,1,243,5],[243,7,243,8],[243,9,243,10],[244,1,244,5],[244,7,244,8],[244,9,244,10],[245,1,245,5],[245,7,245,8],[245,9,245,10],[246,1,246,5],[246,7,246,8],[246,9,246,10],[247,1,247,5],[247,7,247,8],[247,9,247,10],[248,1,248,5],[248,7,248,8],[248,9,248,10],[249,1,249,5],[249,7,249,8],[249,9,249,10],[250,0,250,13],[251,0,251,7],[251,8,251,9],[251,10,251,13],[252,0,252,13],[253,0,253,7],[253,8,253,9],[253,10,253,13],[254,0,254,1],[254,2,254,3],[254,5,254,8],[254,9,254,10],[255,0,255,13],[256,4,256,8],[256,9,256,13],[257,7,257,8],[257,9,257,10],[258,7,258,8],[258,9,258,10],[259,0,259,1],[259,2,259,8],[259,9,259,10],[260,0,260,1],[260,2,260,8],[260,9,260,13],[261,0,261,8],[261,9,261,13],[262,1,262,5],[262,7,262,8],[262,9,262,10],[263,1,263,5],[263,7,263,8],[263,9,263,10],[264,1,264,8],[264,9,264,10],[265,1,265,8],[265,9,265,10],[266,1,266,5],[266,7,266,8],[266,9,266,10],[267,1,267,5],[267,7,267,8],[267,9,267,10],[268,1,268,5],[268,7,268,8],[268,9,268,10],[269,1,269,5],[269,7,269,8],[269,9,269,10],[270,1,270,5],[270,7,270,8],[270,9,270,10],[271,1,271,5],[271,7,271,8],[271,9,271,10],[272,1,272,5],[272,7,272,8],[272,9,272,10],[273,0,273,13],[274,0,274,7],[274,8,274,9],[274,10,274,13],[275,0,275,13],[276,0,276,7],[276,8,276,9],[276,10,276,13],[277,0,277,1],[277,2,277,3],[277,5,277,8],[277,9,277,10],[278,0,278,13],[279,4,279,8],[279,9,279,13],[280,7,280,8],[280,9,280,10],[281,7,281,8],[281,9,281,10],[282,0,282,1],[282,2,282,8],[282,9,282,10],[283,0,283,1],[283,2,283,8],[283,9,283,13],[284,0,284,8],[284,9,284,13],[285,1,285,5],[285,7,285,8],[285,9,285,10],[286,1,286,8],[286,9,286,10],[287,1,287,8],[287,9,287,10],[288,1,288,5],[288,7,288,8],[288,9,288,10],[289,1,289,5],[289,7,289,8],[289,9,289,10],[290,1,290,5],[290,7,290,8],[290,9,290,10],[291,1,291,5],[291,7,291,8],[291,9,291,10],[292,1,292,5],[292,7,292,8],[292,9,292,10],[293,1,293,5],[293,7,293,8],[293,9,293,10],[294,1,294,5],[294,7,294,8],[294,9,294,10],[295,1,295,5],[295,7,295,8],[295,9,295,10],[296,0,296,13],[297,0,297,7],[297,8,297,9],[297,10,297,13],[298,0,298,13],[299,0,299,7],[299,8,299,9],[299,10,299,13],[300,0,300,1],[300,2,300,3],[300,5,300,8],[300,9,300,10],[301,0,301,13],[302,4,302,8],[302,9,302,13],[303,7,303,8],[303,9,303,10],[304,7,304,8],[304,9,304,10],[305,0,305,1],[305,2,305,8],[305,9,305,10],[306,0,306,1],[306,2,306,8],[306,9,306,13],[307,0,307,8],[307,9,307,13],[308,1,308,5],[308,7,308,8],[308,9,308,10],[309,1,309,5],[309,7,309,8],[309,9,309,10],[310,1,310,8],[310,9,310,10],[311,1,311,8],[311,9,311,10],[312,1,312,5],[312,7,312,8],[312,9,312,10],[313,1,313,5],[313,7,313,8],[313,9,313,10],[314,1,314,5],[314,7,314,8],[314,9,314,10],[315,1,315,5],[315,7,315,8],[315,9,315,10],[316,1,316,5],[316,7,316,8],[316,9,316,10],[317,1,317,5],[317,7,317,8],[317,9,317,10],[318,0,318,13],[319,0,319,7],[319,8,319,9],[319,10,319,13],[320,0,320,13],[321,0,321,7],[321,8,321,9],[321,10,321,13],[322,0,322,1],[322,2,322,3],[322,5,322,8],[322,9,322,10],[323,0,323,13],[324,4,324,8],[324,9,324,13],[325,7,325,8],[325,9,325,10],[326,7,326,8],[326,9,326,10],[327,0,327,1],[327,2,327,8],[327,9,327,10],[328,0,328,1],[328,2,328,8],[328,9,328,13],[329,0,329,8],[329,9,329,13],[330,1,330,5],[330,7,330,8],[330,9,330,10],[331,1,331,5],[331,7,331,8],[331,9,331,10],[332,1,332,8],[332,9,332,10],[333,1,333,8],[333,9,333,10],[334,1,334,5],[334,7,334,8],[334,9,334,10],[335,1,335,5],[335,7,335,8],[335,9,335,10],[336,1,336,5],[336,7,336,8],[336,9,336,10],[337,1,337,5],[337,7,337,8],[337,9,337,10],[338,1,338,5],[338,7,338,8],[338,9,338,10],[339,0,339,13],[340,0,340,7],[340,8,340,9],[340,10,340,13],[341,0,341,13],[342,0,342,7],[342,8,342,9],[342,10,342,13],[343,0,343,1],[343,2,343,3],[343,5,343,8],[343,9,343,10],[344,0,344,13],[345,4,345,8],[345,9,345,13],[346,7,346,8],[346,9,346,10],[347,7,347,8],[347,9,347,10],[348,7,348,8],[348,9,348,10],[349,7,349,8],[349,9,349,10],[350,0,350,1],[350,2,350,8],[350,9,350,10],[351,0,351,1],[351,2,351,8],[351,9,351,13],[352,0,352,8],[352,9,352,13],[353,1,353,5],[353,7,353,8],[353,9,353,10],[354,1,354,8],[354,9,354,10],[355,1,355,8],[355,9,355,10],[356,1,356,5],[356,7,356,8],[356,9,356,10],[357,1,357,5],[357,7,357,8],[357,9,357,10],[358,1,358,5],[358,7,358,8],[358,9,358,10],[359,1,359,5],[359,7,359,8],[359,9,359,10],[360,1,360,5],[360,7,360,8],[360,9,360,10],[361,0,361,13],[362,0,362,7],[362,8,362,9],[362,10,362,13],[363,0,363,13],[364,0,364,7],[364,8,364,9],[364,10,364,13],[365,0,365,1],[365,2,365,3],[365,5,365,8],[365,9,365,10],[366,0,366,13],[367,4,367,8],[367,9,367,13],[368,7,368,8],[368,9,368,10],[369,7,369,8],[369,9,369,10],[370,0,370,1],[370,2,370,8],[370,9,370,10],[371,0,371,1],[371,2,371,8],[371,9,371,13],[372,0,372,8],[372,9,372,13],[373,1,373,5],[373,7,373,8],[373,9,373,10],[374,1,374,8],[374,9,374,10],[375,1,375,8],[375,9,375,10],[376,1,376,5],[376,7,376,8],[376,9,376,10],[377,1,377,5],[377,7,377,8],[377,9,377,10],[378,1,378,5],[378,7,378,8],[378,9,378,10],[379,1,379,5],[379,7,379,8],[379,9,379,10],[380,1,380,5],[380,7,380,8],[380,9,380,10],[381,1,381,5],[381,7,381,8],[381,9,381,10],[382,1,382,5],[382,7,382,8],[382,9,382,10],[383,1,383,5],[383,7,383,8],[383,9,383,10],[384,0,384,13],[385,0,385,7],[385,8,385,9],[385,10,385,13],[386,0,386,13],[387,0,387,7],[387,8,387,9],[387,10,387,13],[388,0,388,1],[388,2,388,3],[388,5,388,8],[388,9,388,10],[389,0,389,13],[390,4,390,8],[390,9,390,13],[391,7,391,8],[391,9,391,10],[392,7,392,8],[392,9,392,10],[393,7,393,8],[393,9,393,10],[394,0,394,1],[394,2,394,8],[394,9,394,10],[395,0,395,1],[395,2,395,8],[395,9,395,13],[396,0,396,8],[396,9,396,13],[397,1,397,5],[397,7,397,8],[397,9,397,10],[398,1,398,5],[398,7,398,8],[398,9,398,10],[399,1,399,5],[399,7,399,8],[399,9,399,10],[400,1,400,5],[400,7,400,8],[400,9,400,10],[401,1,401,5],[401,7,401,8],[401,9,401,10],[402,1,402,5]],"merged_total":1159,"flags":["merged_cut"]}
["综合单价分析表"]
["工程名称：国家税务总局广州市天河区税务局员村税务所办公用房修缮项目",{"$nulls":7},"标段：",null,"第 1 页  共 20 页"]
["项目编码",null,"011606003001",null,"项目名称","天棚面龙骨及饰面拆除",{"$nulls":3},"计量单位",null,"m2","工程量",1500]
["清单综合单价组成明细"]
["定额编号","定额项目名称","定额\n单位","数量","单价",{"$nulls":4},"合价"]
[{"$nulls":4},"人工费","材料费","机具费","管理费\n和利润",null,"人工费",null,"材料费","机具费","管理费\n和利润"]
["A1-19-38","天棚饰面拆除 金属龙骨 其他装饰面","100m2",0.01,655.51,null,null,223.33,null,6.56,{"$nulls":3},2.23]
["A1-19-69 换","拆除废料外运 人工装自卸汽车运 3km内 \u007f实际运距(km):20","10m3",0.01,148.26,null,863.16,344.59,null,1.48,null,null,8.63,3.45]
["人工单价",null,"小计",{"$nulls":6},8.04,null,null,8.63,5.68]
[null,null,"未计价材料费"]
["清单项目综合单价",{"$nulls":8},22.35]
["材\n料\n费\n明\n细","主要材料名称、规格、型号",{"$nulls":4},"单位","数量",null,"单价（元）",null,"合价（元）","暂估单价\n（元）","暂估合价\n（元）"]
[]
[]
[]
[]
[]
[]
["注：1.如不使用省级或行业建设主管部门发布的计价依据，可不填定额编码、名称等；\n    2.招标文件提供了暂估单价的材料，按暂估的单价填入表内“暂估单价”栏及“暂估合价”栏。"]
[{"$nulls":10},"表-09"]
["综合单价分析表"]
["工程名称：国家税务总局广州市天河区税务局员村税务所办公用房修缮项目",{"$nulls":7},"标段：",null,"第 2 页  共 20 页"]
["项目编码",null,"011601001001",null,"项目名称","砖砌体拆除",{"$nulls":3},"计量单位",null,"m2","工程量",80]
["清单综合单价组成明细"]
["定额编号","定额项目名称","定额\n单位","数量","单价",{"$nulls":4},"合价"]
[{"$nulls":4},"人工费","材料费","机具费","管理费\n和利润",null,"人工费",null,"材料费","机具费","管理费\n和利润"]
["A1-19-4 换","墙体拆除 砖砌墙体 实心砖墙","100m3",0.0012,15244.04,null,null,5193.65,null,18.29,{"$nulls":3},6.23]
["A1-19-69 换","拆除废料外运 人工装自卸汽车运 3km内 \u007f实际运距(km):20","10m3",0.02,148.26,null,863.16,344.59,null,2.97,null,null,17.26,6.89]
["人工单价",null,"小计",{"$nulls":6},21.26,null,null,17.26,13.12]
[null,null,"未计价材料费"]
["清单项目综合单价",{"$nulls":8},51.65]
["材\n料\n费\n明\n细","主要材料名称、规格、型号",{"$nulls":4},"单位","数量",null,"单价（元）",null,"合价（元）","暂估单价\n（元）","暂估合价\n（元）"]
[]
[]
[]
[]
[]
[]
["注：1.如不使用省级或行业建设主管部门发布的计价依据，可不填定额编码、名称等；\n    2.招标文件提供了暂估单价的材料，按暂估的单价填入表内“暂估单价”栏及“暂估合价”栏。"]
[{"$nulls":10},"表-09"]
["综合单价分析表"]
["工程名称：国家税务总局广州市天河区税务局员村税务所办公用房修缮项目",{"$nulls":7},"标段：",null,"第 3 页  共 20 页"]
["项目编码",null,"011601001002",null,"项目名称","钢筋混凝土隔墙拆除",{"$nulls":3},"计量单位",null,"m2","工程量",4]
["清单综合单价组成明细"]
["定额编号","定额项目名称","定额\n单位","数量","单价",{"$nulls":4},"合价"]
[{"$nulls":4},"人工费","材料费","机具费","管理费\n和利润",null,"人工费",null,"材料费","机具费","管理费\n和利润"]
["A1-19-69 换","拆除废料外运 人工装自卸汽车运 3km内 \u007f实际运距(km):20","10m3",0.02,148.26,null,863.16,344.59,null,2.97,null,null,17.26,6.89]
["补子目1","钢筋混凝土隔墙拆除","m2",1,null,400,{"$nulls":5},400]
["人工单价",null,"小计",{"$nulls":6},2.97,null,400,17.26,6.89]
[null,null,"未计价材料费"]
["清单项目综合单价",{"$nulls":8},427.12]
["材\n料\n费\n明\n细","主要材料名称、规格、型号",{"$nulls":4},"单位","数量",null,"单价（元）",null,"合价（元）","暂估单价\n（元）","暂估合价\n（元）"]
[null,"其他材料费",{"$nulls":7},"-",null,400,"-"]
[null,"材料费小计",{"$nulls":7},"-",null,400,"-"]
[]
[]
[]
[]
[]
[]
["注：1.如不使用省级或行业建设主管部门发布的计价依据，可不填定额编码、名称等；\n    2.招标文件提供了暂估单价的材料，按暂估的单价填入表内“暂估单价”栏及“暂估合价”栏。"]
[{"$nulls":10},"表-09"]
["综合单价分析表"]
["工程名称：国家税务总局广州市天河区税务局员村税务所办公用房修缮项目",{"$nulls":7},"标段：",null,"第 4 页  共 20 页"]
["项目编码",null,"011605001001",null,"项目名称","平面块料拆除",{"$nulls":3},"计量单位",null,"m2","工程量",25]
["清单综合单价组成明细"]
["定额编号","定额项目名称","定额\n单位","数量","单价",{"$nulls":4},"合价"]
[{"$nulls":4},"人工费","材料费","机具费","管理费\n和利润",null,"人工费",null,"材料费","机具费","管理费\n和利润"]
["A1-19-27 R+200","平面块料拆除 块料面层 水泥砂浆结合层 \u007f铲除找平层 人工费+200","100m2",0.01,1565.62,null,null,533.4,null,15.66,{"$nulls":3},5.33]
["A1-19-69 换","拆除废料外运 人工装自卸汽车运 3km内 \u007f实际运距(km):20","10m3",0.01,148.26,null,863.16,344.59,null,1.48,null,null,8.63,3.45]
["人工单价",null,"小计",{"$nulls":6},17.14,null,null,8.63,8.78]
[null,null,"未计价材料费"]
["清单项目综合单价",{"$nulls":8},34.55]
["材\n料\n费\n明\n细","主要材料名称、规格、型号",{"$nulls":4},"单位","数量",null,"单价（元）",null,"合价（元）","暂估单价\n（元）","暂估合价\n（元）"]
[]
[]
[]
[]
[]
["注：1.如不使用省级或行业建设主管部门发布的计价依据，可不填定额编码、名称等；\n    2.招标文件提供了暂估单价的材料，按暂估的单价填入表内“暂估单价”栏及“暂估合价”栏。"]
[{"$nulls":10},"表-09"]
["综合单价分析表"]
["工程名称：国家税务总局广州市天河区税务局员村税务所办公用房修缮项目",{"$nulls":7},"标段：",null,"第 5 页  共 20 页"]
["项目编码",null,"011605001002",null,"项目名称","平面块料拆除",{"$nulls":3},"计量单位",null,"m2","工程量",300]
["清单综合单价组成明细"]
["定额编号","定额项目名称","定额\n单位","数量","单价",{"$nulls":4},"合价"]
[{"$nulls":4},"人工费","材料费","机具费","管理费\n和利润",null,"人工费",null,"材料费","机具费","管理费\n和利润"]
["A1-19-27 R+200","平面块料拆除 块料面层 水泥砂浆结合层 \u007f铲除找平层 人工费+200","100m2",0.01,1565.62,null,null,533.4,null,15.66,{"$nulls":3},5.33]
["A1-19-69 换","拆除废料外运 人工装自卸汽车运 3km内 \u007f实际运距(km):20","10m3",0.01,148.26,null,863.16,344.59,null,1.48,null,null,8.63,3.45]
["人工单价",null,"小计",{"$nulls":6},17.14,null,null,8.63,8.78]
[null,null,"未计价材料费"]
["清单项目综合单价",{"$nulls":8},34.55]
["材\n料\n费\n明\n细","主要材料名称、规格、型号",{"$nulls":4},"单位","数量",null,"单价（元）",null,"合价（元）","暂估单价\n（元）","暂估合价\n（元）"]
[]
[]
[]
[]
[]
["注：1.如不使用省级或行业建设主管部门发布的计价依据，可不填定额编码、名称等；\n    2.招标文件提供了暂估单价的材料，按暂估的单价填入表内“暂估单价”栏及“暂估合价”栏。"]
[{"$nulls":10},"表-09"]
["综合单价分析表"]
["工程名称：国家税务总局广州市天河区税务局员村税务所办公用房修缮项目",{"$nulls":7},"标段：",null,"第 6 页  共 20 页"]
["项目编码",null,"011102001001",null,"项目名称","石材楼地面",{"$nulls":3},"计量单位",null,"m2","工程量",200]
["清单综合单价组成明细"]
["定额编号","定额项目名称","定额\n单位","数量","单价",{"$nulls":4},"合价"]
[{"$nulls":4},"人工费","材料费","机具费","管理费\n和利润",null,"人工费",null,"材料费","机具费","管理费\n和利润"]
["A1-12-38 换","楼地面(每块周长mm) 2400以内 水泥砂浆 \u007f合并制作子目 抹灰水泥砂浆(配合比) 中砂 1:3","100m2",0.01,2842.29,40252.2,null,1072.4,null,28.42,null,402.52,null,10.72]
["A1-12-1 换","楼地面水泥砂浆找平层 混凝土或硬基层上 20mm \u007f合并制作子目 抹灰水泥砂浆(配合比) 中砂 1:3","100m2",0.01,703.99,1088.89,null,265.62,null,7.04,null,10.89,null,2.66]
["人工单价",null,"小计",{"$nulls":6},35.46,null,413.41,null,13.38]
[null,null,"未计价材料费"]
["清单项目综合单价",{"$nulls":8},462.25]
["材\n料\n费\n明\n细","主要材料名称、规格、型号",{"$nulls":4},"单位","数量",null,"单价（元）",null,"合价（元）","暂估单价\n（元）","暂估合价\n（元）"]
[null,"其他材料费",{"$nulls":7},"-",null,413.39,"-"]
[null,"材料费小计",{"$nulls":7},"-",null,413.39,"-"]
[]
[]
[]
["注：1.如不使用省级或行业建设主管部门发布的计价依据，可不填定额编码、名称等；\n    2.招标文件提供了暂估单价的材料，按暂估的单价填入表内“暂估单价”栏及“暂估合价”栏。"]
[{"$nulls":10},"表-09"]
["综合单价分析表"]
["工程名称：国家税务总局广州市天河区税务局员村税务所办公用房修缮项目",{"$nulls":7},"标段：",null,"第 7 页  共 20 页"]
["项目编码",null,"011609002001",null,"项目名称","隔断隔墙拆除",{"$nulls":3},"计量单位",null,"m2","工程量",1150]
["清单综合单价组成明细"]
["定额编号","定额项目名称","定额\n单位","数量","单价",{"$nulls":4},"合价"]
[{"$nulls":4},"人工费","材料费","机具费","管理费\n和利润",null,"人工费",null,"材料费","机具费","管理费\n和利润"]
["A1-19-51","隔断隔墙拆除 金属龙骨 其他装饰面","100m2",0.01,1492.56,null,null,508.51,null,14.93,{"$nulls":3},5.09]
["A1-19-69 换","拆除废料外运 人工装自卸汽车运 3km内 \u007f实际运距(km):20","10m3",0.015,148.26,null,863.16,344.59,null,2.22,null,null,12.95,5.17]
["人工单价",null,"小计",{"$nulls":6},17.15,null,null,12.95,10.26]
[null,null,"未计价材料费"]
["清单项目综合单价",{"$nulls":8},40.35]
["材\n料\n费\n明\n细","主要材料名称、规格、型号",{"$nulls":4},"单位","数量",null,"单价（元）",null,"合价（元）","暂估单价\n（元）","暂估合价\n（元）"]
[]
[]
[]
[]
[]
[]
["注：1.如不使用省级或行业建设主管部门发布的计价依据，可不填定额编码、名称等；\n    2.招标文件提供了暂估单价的材料，按暂估的单价填入表内“暂估单价”栏及“暂估合价”栏。"]
[{"$nulls":10},"表-09"]
["综合单价分析表"]
["工程名称：国家税务总局广州市天河区税务局员村税务所办公用房修缮项目",{"$nulls":7},"标段：",null,"第 8 页  共 20 页"]
["项目编码",null,"011210006001",null,"项目名称","其他隔断",{"$nulls":3},"计量单位",null,"m2","工程量",697.2]
["清单综合单价组成明细"]
["定额编号","定额项目名称","定额\n单位","数量","单价",{"$nulls":4},"合价"]
[{"$nulls":4},"人工费","材料费","机具费","管理费\n和利润",null,"人工费",null,"材料费","机具费","管理费\n和利润"]
["A1-13-299","木龙骨石膏板隔墙(包龙骨) 双面","100m2",0.01,2505,11449.43,null,889.28,null,25.05,null,114.49,null,8.89]
["人工单价",null,"小计",{"$nulls":6},25.05,null,114.49,null,8.89]
[null,null,"未计价材料费"]
["清单项目综合单价",{"$nulls":8},148.44]
["材\n料\n费\n明\n细","主要材料名称、规格、型号",{"$nulls":4},"单位","数量",null,"单价（元）",null,"合价（元）","暂估单价\n（元）","暂估合价\n（元）"]
[null,"其他材料费",{"$nulls":7},"-",null,114.49,"-"]
[null,"材料费小计",{"$nulls":7},"-",null,114.49,"-"]
{"$rows_empty":8}
["注：1.如不使用省级或行业建设主管部门发布的计价依据，可不填定额编码、名称等；\n    2.招标文件提供了暂估单价的材料，按暂估的单价填入表内“暂估单价”栏及“暂估合价”栏。"]
[{"$nulls":10},"表-09"]
["综合单价分析表"]
["工程名称：国家税务总局广州市天河区税务局员村税务所办公用房修缮项目",{"$nulls":7},"标段：",null,"第 9 页  共 20 页"]
["项目编码",null,"011210005001",null,"项目名称","成品隔断",{"$nulls":3},"计量单位",null,"m2","工程量",116.48]
["清单综合单价组成明细"]
["定额编号","定额项目名称","定额\n单位","数量","单价",{"$nulls":4},"合价"]
[{"$nulls":4},"人工费","材料费","机具费","管理费\n和利润",null,"人工费",null,"材料费","机具费","管理费\n和利润"]
["A1-13-287","浴室厕隔断(包龙骨、基层) 成品隔断","100m2",0.01,2089.35,45000,null,741.72,null,20.89,null,450,null,7.42]
["人工单价",null,"小计",{"$nulls":6},20.89,null,450,null,7.42]
[null,null,"未计价材料费"]
["清单项目综合单价",{"$nulls":8},478.31]
["材\n料\n费\n明\n细","主要材料名称、规格、型号",{"$nulls":4},"单位","数量",null,"单价（元）",null,"合价（元）","暂估单价\n（元）","暂估合价\n（元）"]
[null,"其他材料费",{"$nulls":7},"-",null,450,"-"]
[null,"材料费小计",{"$nulls":7},"-",null,450,"-"]
{"$rows_empty":8}
["注：1.如不使用省级或行业建设主管部门发布的计价依据，可不填定额编码、名称等；\n    2.招标文件提供了暂估单价的材料，按暂估的单价填入表内“暂估单价”栏及“暂估合价”栏。"]
[{"$nulls":10},"表-09"]
["综合单价分析表"]
["工程名称：国家税务总局广州市天河区税务局员村税务所办公用房修缮项目",{"$nulls":7},"标段：",null,"第 10 页  共 20 页"]
["项目编码",null,"011406001001",null,"项目名称","抹灰面油漆",{"$nulls":3},"计量单位",null,"m2","工程量",1394.4]
["清单综合单价组成明细"]
["定额编号","定额项目名称","定额\n单位","数量","单价",{"$nulls":4},"合价"]
[{"$nulls":4},"人工费","材料费","机具费","管理费\n和利润",null,"人工费",null,"材料费","机具费","管理费\n和利润"]
["A1-15-150 换","成品腻子粉(一般型)Y型 墙面 满刮一遍 \u007f实际腻子遍数(遍):2","100m2",0.01,673.9,382.3,null,236.34,null,6.74,null,3.82,null,2.36]
["A1-15-160","乳胶漆底油二遍面油二遍 抹灰面 墙柱面","100m2",0.01,1405.64,950.68,null,492.96,null,14.06,null,9.51,null,4.93]
["人工单价",null,"小计",{"$nulls":6},20.8,null,13.33,null,7.29]
[null,null,"未计价材料费"]
["清单项目综合单价",{"$nulls":8},41.42]
["材\n料\n费\n明\n细","主要材料名称、规格、型号",{"$nulls":4},"单位","数量",null,"单价（元）",null,"合价（元）","暂估单价\n（元）","暂估合价\n（元）"]
[null,"其他材料费",{"$nulls":7},"-",null,13.33,"-"]
[null,"材料费小计",{"$nulls":7},"-",null,13.33,"-"]
[]
[]
[]
[]
[]
["注：1.如不使用省级或行业建设主管部门发布的计价依据，可不填定额编码、名称等；\n    2.招标文件提供了暂估单价的材料，按暂估的单价填入表内“暂估单价”栏及“暂估合价”栏。"]
[{"$nulls":10},"表-09"]
["综合单价分析表"]
["工程名称：国家税务总局广州市天河区税务局员村税务所办公用房修缮项目",{"$nulls":7},"标段：",null,"第 11 页  共 20 页"]
["项目编码",null,"010807001001",null,"项目名称","金属(塑钢、断桥)窗",{"$nulls":3},"计量单位",null,"m2","工程量",235]
["清单综合单价组成明细"]
["定额编号","定额项目名称","定额\n单位","数量","单价",{"$nulls":4},"合价"]
[{"$nulls":4},"人工费","材料费","机具费","管理费\n和利润",null,"人工费",null,"材料费","机具费","管理费\n和利润"]
["A1-9-207","推拉窗安装","100m2",0.01,2169.58,5229.13,null,751.98,null,21.7,null,52.29,null,7.52]
["MC1-99","铝合金双扇推拉窗90系列","m2",1,null,216.54,{"$nulls":5},216.54]
["人工单价",null,"小计",{"$nulls":6},21.7,null,268.83,null,7.52]
[null,null,"未计价材料费"]
["清单项目综合单价",{"$nulls":8},298.05]
["材\n料\n费\n明\n细","主要材料名称、规格、型号",{"$nulls":4},"单位","数量",null,"单价（元）",null,"合价（元）","暂估单价\n（元）","暂估合价\n（元）"]
[null,"其他材料费",{"$nulls":7},"-",null,268.83,"-"]
[null,"材料费小计",{"$nulls":7},"-",null,268.83,"-"]
{"$rows_empty":7}
["注：1.如不使用省级或行业建设主管部门发布的计价依据，可不填定额编码、名称等；\n    2.招标文件提供了暂估单价的材料，按暂估的单价填入表内“暂估单价”栏及“暂估合价”栏。"]
[{"$nulls":10},"表-09"]
["综合单价分析表"]
["工程名称：国家税务总局广州市天河区税务局员村税务所办公用房修缮项目",{"$nulls":7},"标段：",null,"第 12 页  共 20 页"]
["项目编码",null,"010802004001",null,"项目名称","不锈钢防盗网及纱窗安装",{"$nulls":3},"计量单位",null,"m2","工程量",235]
["清单综合单价组成明细"]
["定额编号","定额项目名称","定额\n单位","数量","单价",{"$nulls":4},"合价"]
[{"$nulls":4},"人工费","材料费","机具费","管理费\n和利润",null,"人工费",null,"材料费","机具费","管理费\n和利润"]
["MC1-2","不锈钢防盗网 12×12间距120","m2",1,null,250,{"$nulls":5},250]
["人工单价",null,"小计",{"$nulls":8},250]
[null,null,"未计价材料费"]
["清单项目综合单价",{"$nulls":8},250]
["材\n料\n费\n明\n细","主要材料名称、规格、型号",{"$nulls":4},"单位","数量",null,"单价（元）",null,"合价（元）","暂估单价\n（元）","暂估合价\n（元）"]
[null,"其他材料费",{"$nulls":7},"-",null,250,"-"]
[null,"材料费小计",{"$nulls":7},"-",null,250,"-"]
{"$rows_empty":8}
["注：1.如不使用省级或行业建设主管部门发布的计价依据，可不填定额编码、名称等；\n    2.招标文件提供了暂估单价的材料，按暂估的单价填入表内“暂估单价”栏及“暂估合价”栏。"]
[{"$nulls":10},"表-09"]
["综合单价分析表"]
["工程名称：国家税务总局广州市天河区税务局员村税务所办公用房修缮项目",{"$nulls":7},"标段：",null,"第 13 页  共 20 页"]
["项目编码",null,"030404017002",null,"项目名称","配电箱",{"$nulls":3},"计量单位",null,"台","工程量",3]
["清单综合单价组成明细"]
["定额编号","定额项目名称","定额\n单位","数量","单价",{"$nulls":4},"合价"]
[{"$nulls":4},"人工费","材料费","机具费","管理费\n和利润",null,"人工费",null,"材料费","机具费","管理费\n和利润"]
["借C4-4-33","成套配电箱安装 悬挂式(半周长m以内) 2.5","台",1,268.41,4667.67,6.48,133.98,null,268.41,null,4667.67,6.48,133.98]
["人工单价",null,"小计",{"$nulls":6},268.41,null,4667.67,6.48,133.98]
[null,null,"未计价材料费",{"$nulls":6},4650]
["清单项目综合单价",{"$nulls":8},5076.54]
["材\n料\n费\n明\n细","主要材料名称、规格、型号",{"$nulls":4},"单位","数量",null,"单价（元）",null,"合价（元）","暂估单价\n（元）","暂估合价\n（元）"]
[null,"成套配电箱 ",{"$nulls":4},"台",1,null,4650,null,4650]
[null,"其他材料费",{"$nulls":7},"-",null,17.68,"-"]
[null,"材料费小计",{"$nulls":7},"-",null,4667.68,"-"]
{"$rows_empty":7}
["注：1.如不使用省级或行业建设主管部门发布的计价依据，可不填定额编码、名称等；\n    2.招标文件提供了暂估单价的材料，按暂估的单价填入表内“暂估单价”栏及“暂估合价”栏。"]
[{"$nulls":10},"表-09"]
["综合单价分析表"]
["工程名称：国家税务总局广州市天河区税务局员村税务所办公用房修缮项目",{"$nulls":7},"标段：",null,"第 14 页  共 20 页"]
["项目编码",null,"011406001002",null,"项目名称","抹灰面油漆",{"$nulls":3},"计量单位",null,"m2","工程量",1960]
["清单综合单价组成明细"]
["定额编号","定额项目名称","定额\n单位","数量","单价",{"$nulls":4},"合价"]
[{"$nulls":4},"人工费","材料费","机具费","管理费\n和利润",null,"人工费",null,"材料费","机具费","管理费\n和利润"]
["A1-15-161","乳胶漆底油二遍面油二遍 抹灰面 天棚面","100m2",0.01,1686.56,969.76,null,591.47,null,16.87,null,9.7,null,5.91]
["人工单价",null,"小计",{"$nulls":6},16.87,null,9.7,null,5.91]
[null,null,"未计价材料费"]
["清单项目综合单价",{"$nulls":8},32.48]
["材\n料\n费\n明\n细","主要材料名称、规格、型号",{"$nulls":4},"单位","数量",null,"单价（元）",null,"合价（元）","暂估单价\n（元）","暂估合价\n（元）"]
[null,"其他材料费",{"$nulls":7},"-",null,9.7,"-"]
[null,"材料费小计",{"$nulls":7},"-",null,9.7,"-"]
{"$rows_empty":8}
["注：1.如不使用省级或行业建设主管部门发布的计价依据，可不填定额编码、名称等；\n    2.招标文件提供了暂估单价的材料，按暂估的单价填入表内“暂估单价”栏及“暂估合价”栏。"]
[{"$nulls":10},"表-09"]
["综合单价分析表"]
["工程名称：国家税务总局广州市天河区税务局员村税务所办公用房修缮项目",{"$nulls":7},"标段：",null,"第 15 页  共 20 页"]
["项目编码",null,"030412004001",null,"项目名称","装饰灯",{"$nulls":3},"计量单位",null,"套","工程量",111]
["清单综合单价组成明细"]
["定额编号","定额项目名称","定额\n单位","数量","单价",{"$nulls":4},"合价"]
[{"$nulls":4},"人工费","材料费","机具费","管理费\n和利润",null,"人工费",null,"材料费","机具费","管理费\n和利润"]
["借C4-12-238","LED方型扣板式天花灯安装 半周长(mm) >1000","10套",0.1,114.95,2033.06,null,56.03,null,11.5,null,203.31,null,5.6]
["人工单价",null,"小计",{"$nulls":6},11.5,null,203.31,null,5.6]
[null,null,"未计价材料费",{"$nulls":6},202]
["清单项目综合单价",{"$nulls":8},220.4]
["材\n料\n费\n明\n细","主要材料名称、规格、型号",{"$nulls":4},"单位","数量",null,"单价（元）",null,"合价（元）","暂估单价\n（元）","暂估合价\n（元）"]
[null,"明装灯盘购安（200*1200） ",{"$nulls":4},"套",1.01,null,200,null,202]
[null,"其他材料费",{"$nulls":7},"-",null,1.31,"-"]
[null,"材料费小计",{"$nulls":7},"-",null,203.31,"-"]
[]
[]
[]
[]
[]
[]
["注：1.如不使用省级或行业建设主管部门发布的计价依据，可不填定额编码、名称等；\n    2.招标文件提供了暂估单价的材料，按暂估的单价填入表内“暂估单价”栏及“暂估合价”栏。"]
[{"$nulls":10},"表-09"]
["综合单价分析表"]
["工程名称：国家税务总局广州市天河区税务局员村税务所办公用房修缮项目",{"$nulls":7},"标段：",null,"第 16 页  共 20 页"]
["项目编码",null,"030412004002",null,"项目名称","装饰灯",{"$nulls":3},"计量单位",null,"套","工程量",80]
["清单综合单价组成明细"]
["定额编号","定额项目名称","定额\n单位","数量","单价",{"$nulls":4},"合价"]
[{"$nulls":4},"人工费","材料费","机具费","管理费\n和利润",null,"人工费",null,"材料费","机具费","管理费\n和利润"]
["借C4-12-202","点光源艺术装饰灯具安装 射灯 吸顶式 示意图号:182、183、184、185、186、187","10套",0.1,103.4,726.12,null,50.4,null,10.34,null,72.61,null,5.04]
["人工单价",null,"小计",{"$nulls":6},10.34,null,72.61,null,5.04]
[null,null,"未计价材料费",{"$nulls":6},70.7]
["清单项目综合单价",{"$nulls":8},87.99]
["材\n料\n费\n明\n细","主要材料名称、规格、型号",{"$nulls":4},"单位","数量",null,"单价（元）",null,"合价（元）","暂估单价\n（元）","暂估合价\n（元）"]
[null,"明装筒灯及射灯购安 ",{"$nulls":4},"套",1.01,null,70,null,70.7]
[null,"其他材料费",{"$nulls":7},"-",null,1.92,"-"]
[null,"材料费小计",{"$nulls":7},"-",null,72.62,"-"]
[]
[]
[]
[]
[]
["注：1.如不使用省级或行业建设主管部门发布的计价依据，可不填定额编码、名称等；\n    2.招标文件提供了暂估单价的材料，按暂估的单价填入表内“暂估单价”栏及“暂估合价”栏。"]
[{"$nulls":10},"表-09"]
["综合单价分析表"]
["工程名称：国家税务总局广州市天河区税务局员村税务所办公用房修缮项目",{"$nulls":7},"标段：",null,"第 17 页  共 20 页"]
["项目编码",null,"010801002001",null,"项目名称","木质门带套",{"$nulls":3},"计量单位",null,"套","工程量",20]
["清单综合单价组成明细"]
["定额编号","定额项目名称","定额\n单位","数量","单价",{"$nulls":4},"合价"]
[{"$nulls":4},"人工费","材料费","机具费","管理费\n和利润",null,"人工费",null,"材料费","机具费","管理费\n和利润"]
["A1-9-7","无纱镶板门、胶合板门安装 无亮 单扇","100m2",0.023,1724.3,2159.51,1.69,598.23,null,39.66,null,49.67,0.04,13.76]
["MC1-40","成品套装平开门(含框、扇)","m2",2.3,null,500,{"$nulls":5},1150]
["A1-9-227","特殊五金安装 闭门器安装 明装","100套",0.01,2557.45,6409.46,null,886.41,null,25.57,null,64.09,null,8.86]
["人工单价",null,"小计",{"$nulls":6},65.23,null,1263.76,0.04,22.62]
[null,null,"未计价材料费"]
["清单项目综合单价",{"$nulls":8},1351.66]
["材\n料\n费\n明\n细","主要材料名称、规格、型号",{"$nulls":4},"单位","数量",null,"单价（元）",null,"合价（元）","暂估单价\n（元）","暂估合价\n（元）"]
[null,"其他材料费",{"$nulls":7},"-",null,1263.76,"-"]
[null,"材料费小计",{"$nulls":7},"-",null,1263.77,"-"]
[]
[]
[]
[]
[]
["注：1.如不使用省级或行业建设主管部门发布的计价依据，可不填定额编码、名称等；\n    2.招标文件提供了暂估单价的材料，按暂估的单价填入表内“暂估单价”栏及“暂估合价”栏。"]
[{"$nulls":10},"表-09"]
["综合单价分析表"]
["工程名称：国家税务总局广州市天河区税务局员村税务所办公用房修缮项目",{"$nulls":7},"标段：",null,"第 18 页  共 20 页"]
["项目编码",null,"011210005002",null,"项目名称","成品隔断",{"$nulls":3},"计量单位",null,"m2","工程量",71.72]
["清单综合单价组成明细"]
["定额编号","定额项目名称","定额\n单位","数量","单价",{"$nulls":4},"合价"]
[{"$nulls":4},"人工费","材料费","机具费","管理费\n和利润",null,"人工费",null,"材料费","机具费","管理费\n和利润"]
["A1-13-287","浴室厕隔断(包龙骨、基层) 成品隔断","100m2",0.01,2089.35,20000,null,741.72,null,20.89,null,200,null,7.42]
["人工单价",null,"小计",{"$nulls":6},20.89,null,200,null,7.42]
[null,null,"未计价材料费"]
["清单项目综合单价",{"$nulls":8},228.31]
["材\n料\n费\n明\n细","主要材料名称、规格、型号",{"$nulls":4},"单位","数量",null,"单价（元）",null,"合价（元）","暂估单价\n（元）","暂估合价\n（元）"]
[null,"其他材料费",{"$nulls":7},"-",null,200,"-"]
[null,"材料费小计",{"$nulls":7},"-",null,200,"-"]
{"$rows_empty":8}
["注：1.如不使用省级或行业建设主管部门发布的计价依据，可不填定额编码、名称等；\n    2.招标文件提供了暂估单价的材料，按暂估的单价填入表内“暂估单价”栏及“暂估合价”栏。"]
[{"$nulls":10},"表-09"]
["综合单价分析表"]
["工程名称：国家税务总局广州市天河区税务局员村税务所办公用房修缮项目",{"$nulls":7},"标段：",null,"第 19 页  共 20 页"]
["项目编码",null,"粤011701012001",null,"项目名称","活动脚手架",{"$nulls":3},"计量单位",null,"项","工程量",1]
["清单综合单价组成明细"]
["定额编号","定额项目名称","定额\n单位","数量","单价",{"$nulls":4},"合价"]
[{"$nulls":4},"人工费","材料费","机具费","管理费\n和利润",null,"人工费",null,"材料费","机具费","管理费\n和利润"]
["A1-21-136","墙柱面活动脚手架","100m2",5,159.51,null,null,56.5,null,797.55,{"$nulls":3},282.5]
["A1-21-137","天棚活动脚手架","100m2",5,382.82,null,null,135.59,null,1914.1,{"$nulls":3},677.95]
["人工单价",null,"小计",{"$nulls":6},2711.65,{"$nulls":3},960.45]
[null,null,"未计价材料费"]
["清单项目综合单价",{"$nulls":8},3672.1]
["材\n料\n费\n明\n细","主要材料名称、规格、型号",{"$nulls":4},"单位","数量",null,"单价（元）",null,"合价（元）","暂估单价\n（元）","暂估合价\n（元）"]
[]
[]
[]
[]
[]
[]
["注：1.如不使用省级或行业建设主管部门发布的计价依据，可不填定额编码、名称等；\n    2.招标文件提供了暂估单价的材料，按暂估的单价填入表内“暂估单价”栏及“暂估合价”栏。"]
[{"$nulls":10},"表-09"]
["综合单价分析表"]
["工程名称：国家税务总局广州市天河区税务局员村税务所办公用房修缮项目",{"$nulls":7},"标段：",null,"第 20 页  共 20 页"]
["项目编码",null,"011707007001",null,"项目名称","已完工程及设备保护",{"$nulls":3},"计量单位",null,"项","工程量",1]
["清单综合单价组成明细"]
["定额编号","定额项目名称","定额\n单位","数量","单价",{"$nulls":4},"合价"]
[{"$nulls":4},"人工费","材料费","机具费","管理费\n和利润",null,"人工费",null,"材料费","机具费","管理费\n和利润"]
["A1-24-3","楼地面成品保护 胶合板","100m2",3,100.8,389.98,null,34.62,null,302.4,null,1169.94,null,103.86]
["A1-24-1","楼地面成品保护 编织布","100m2",3,100.8,119.7,null,34.62,null,302.4,null,359.1,null,103.86]
["A1-24-13","柱面、墙面成品保护 编织布","100m2",3,159.32,143.51,null,54.72,null,477.96,null,430.53,null,164.16]
["人工单价",null,"小计",{"$nulls":6},1082.76,null,1959.57,null,371.88]
[null,null,"未计价材料费"]
["清单项目综合单价",{"$nulls":8},3414.21]
["材\n料\n费\n明\n细","主要材料名称、规格、型号",{"$nulls":4},"单位","数量",null,"单价（元）",null,"合价（元）","暂估单价\n（元）","暂估合价\n（元）"]
[null,"其他材料费",{"$nulls":7},"-",null,1959.58,"-"]
[null,"材料费小计",{"$nulls":7},"-",null,1959.58,"-"]
[]
[]
[]
[]
[]
[]
["注：1.如不使用省级或行业建设主管部门发布的计价依据，可不填定额编码、名称等；\n    2.招标文件提供了暂估单价的材料，按暂估的单价填入表内“暂估单价”栏及“暂估合价”栏。"]
[{"$nulls":10},"表-09"]

{"sheet":"表-11 总价措施项目清单与计价表","index":4,"n_rows":19,"n_cols":11,"rows_kept":19,"merged":[[0,0,0,10],[1,0,1,5],[1,6,1,7],[1,8,1,10],[2,5,2,6],[2,7,2,8],[3,5,3,6],[3,7,3,8],[4,5,4,6],[4,7,4,8],[5,5,5,6],[5,7,5,8],[6,5,6,6],[6,7,6,8],[7,5,7,6],[7,7,7,8],[8,5,8,6],[8,7,8,8],[9,5,9,6],[9,7,9,8],[10,5,10,6],[10,7,10,8],[11,5,11,6],[11,7,11,8],[12,5,12,6],[12,7,12,8],[13,5,13,6],[13,7,13,8],[14,5,14,6],[14,7,14,8],[15,5,15,6],[15,7,15,8],[16,0,16,4],[16,5,16,6],[16,7,16,8],[17,0,17,5],[17,6,17,10],[18,0,18,5],[18,6,18,7],[18,8,18,10]]}
["总价措施项目清单与计价表"]
["工程名称：国家税务总局广州市天河区税务局员村税务所办公用房修缮项目",{"$nulls":5},"标段：",null,"第 1 页  共 1 页"]
["序号","项目编码","项目名称","计算基础","费率\n(%)","金额\n(元)",null,"调整\n费率(%)",null,"调整后\n金额(元)","备注"]
["1","LSSGCSF00001","绿色施工安全防护措施费","分部分项人工费+分部分项机具费","13",22233.7,{"$nulls":4},"以分部分项的人工费与施工机具费之和为计算基础，费率13%"]
["2","WMGDZJF00001","文明工地增加费","分部分项人工费+分部分项机具费","0",{"$nulls":5},"以分部分项的人工费与施工机具费之和为计算基础，市级文明工地为0.6%；省级文明工地为1.2%"]
["3","011707002001","夜间施工增加费",null,"20",{"$nulls":5},"以夜间施工项目人工费的20%计算"]
["4","GGCSF0000001","赶工措施费","分部分项人工费+分部分项机具费","0",{"$nulls":5},"赶工措施费=（1-δ）*分部分项的（人工费+施工机具费）*0.3 （0.8≤δ＜1   式中：δ=合同工期/定额工期）"]
["5","QTFY00000001","其他费用",{"$nulls":7},"按经批准的专项施工组织方案计算"]
{"$rows_empty":8}
["合    计",{"$nulls":4},22233.7]
["编制人（造价人员）：",{"$nulls":5},"复核人（造价工程师）："]
[{"$nulls":8},"表-11"]

{"sheet":"表-12 其他项目清单与计价汇总表","index":5,"n_rows":38,"n_cols":7,"rows_kept":38,"merged":[[0,0,0,4],[0,5,0,6],[1,0,1,6],[2,0,2,2],[2,3,2,4],[2,5,2,6],[3,2,3,3],[3,4,3,5],[4,2,4,3],[4,4,4,5],[5,2,5,3],[5,4,5,5],[6,2,6,3],[6,4,6,5],[7,2,7,3],[7,4,7,5],[8,2,8,3],[8,4,8,5],[9,2,9,3],[9,4,9,5],[10,2,10,3],[10,4,10,5],[11,2,11,3],[11,4,11,5],[12,2,12,3],[12,4,12,5],[13,2,13,3],[13,4,13,5],[14,2,14,3],[14,4,14,5],[15,2,15,3],[15,4,15,5],[16,2,16,3],[16,4,16,5],[17,2,17,3],[17,4,17,5],[18,2,18,3],[18,4,18,5],[19,2,19,3],[19,4,19,5],[20,2,20,3],[20,4,20,5],[21,2,21,3],[21,4,21,5],[22,2,22,3],[22,4,22,5],[23,2,23,3],[23,4,23,5],[24,2,24,3],[24,4,24,5],[25,2,25,3],[25,4,25,5],[26,2,26,3],[26,4,26,5],[27,2,27,3],[27,4,27,5],[28,2,28,3],[28,4,28,5],[29,2,29,3],[29,4,29,5],[30,2,30,3],[30,4,30,5],[31,2,31,3],[31,4,31,5],[32,2,32,3],[32,4,32,5],[33,2,33,3],[33,4,33,5],[34,2,34,3],[34,4,34,5],[35,2,35,3],[35,4,35,5],[36,0,36,6],[37,0,37,2],[37,3,37,4],[37,5,37,6]]}
[]
["其他项目清单与计价汇总表"]
["工程名称：国家税务总局广州市天河区税务局员村税务所办公用房修缮项目",null,null,"标段：",null,"第 1 页  共 1 页"]
["序号","项目名称","金额（元）",null,"结算金额（元）",null,"备注"]
["1","暂列金额",{"$nulls":4},"明细详见表-12-1"]
["2","暂估价"]
["2.1","材料暂估价","—",{"$nulls":3},"明细详见表-12-2"]
["2.2","专业工程暂估价",{"$nulls":4},"明细详见表-12-3"]
["3","计日工",{"$nulls":4},"明细详见表-12-4"]
["4","总承包服务费",{"$nulls":4},"明细详见表-12-5"]
["5","预算包干费","11971.99"]
["6","工程优质费"]
["7","概算幅度差"]
["8","现场签证费用"]
["9","索赔费用"]
["10","其他费用"]
{"$rows_empty":19}
[null,"合  计","11971.99",{"$nulls":3},"—"]
["注：材料（工程设备）暂估单价进入清单项目综合单价，此处不汇总。"]
[{"$nulls":5},"表—12"]

{"sheet":"表-13 规费、税金项目清单与计价表","index":6,"n_rows":37,"n_cols":8,"rows_kept":37,"merged":[[0,0,0,7],[1,0,1,2],[1,3,1,5],[1,6,1,7],[2,2,2,3],[2,5,2,6],[3,2,3,3],[3,5,3,6],[4,2,4,3],[4,5,4,6],[5,2,5,3],[5,5,5,6],[6,2,6,3],[6,5,6,6],[7,2,7,3],[7,5,7,6],[8,2,8,3],[8,5,8,6],[9,2,9,3],[9,5,9,6],[10,2,10,3],[10,5,10,6],[11,2,11,3],[11,5,11,6],[12,2,12,3],[12,5,12,6],[13,2,13,3],[13,5,13,6],[14,2,14,3],[14,5,14,6],[15,2,15,3],[15,5,15,6],[16,2,16,3],[16,5,16,6],[17,2,17,3],[17,5,17,6],[18,2,18,3],[18,5,18,6],[19,2,19,3],[19,5,19,6],[20,2,20,3],[20,5,20,6],[21,2,21,3],[21,5,21,6],[22,2,22,3],[22,5,22,6],[23,2,23,3],[23,5,23,6],[24,2,24,3],[24,5,24,6],[25,2,25,3],[25,5,25,6],[26,2,26,3],[26,5,26,6],[27,2,27,3],[27,5,27,6],[28,2,28,3],[28,5,28,6],[29,2,29,3],[29,5,29,6],[30,2,30,3],[30,5,30,6],[31,2,31,3],[31,5,31,6],[32,2,32,3],[32,5,32,6],[33,2,33,3],[33,5,33,6],[34,0,34,6],[35,0,35,2],[35,3,35,7],[36,0,36,2],[36,3,36,5],[36,6,36,7]]}
["规费、税金项目清单与计价表"]
["工程名称：国家税务总局广州市天河区税务局员村税务所办公用房修缮项目",null,null,"标段：",null,null,"第 1 页  共 1 页"]
["序号","项目名称","计算基础",null,"计算基数","计算费率\n(%)",null,"金额(元)"]
["1","增值税销项税额","分部分项合计+措施合计+其他项目",null,733944.95,"9",null,66055.05]
{"$rows_empty":30}
["合    计",{"$nulls":6},66055.05]
[" 编制人（造价人员）：",null,null,"复核人（造价工程师）："]
[{"$nulls":6},"表—13"]